000 00353nam a2200145Ia 4500
005 20251222154330.0
008 251222s9999||||xx |||||||||||||| ||spa||
020 _a84-206-1706-7
082 _a828.84/S79E
100 _aStevenson, Robert Louis
245 0 _aEl Dr. Jekyll y Mr. Hyde
250 _a17a.ed.
264 _bUnidad Editorial
942 _cLIB
999 _c34117
_d34117